MARC
|
|
|
|
| LEADER |
00000nam2a2200000 4500 |
| 001 |
260276 |
| 005 |
20231101233449.0 |
| 035 |
|
|
|a (RuTPU)RU\TPU\book\283224
|
| 090 |
|
|
|a 260276
|
| 100 |
|
|
|a 20140514d1987 km y0rusy5003 ca
|
| 101 |
0 |
|
|a rus
|
| 102 |
|
|
|a RU
|
| 105 |
|
|
|a y z 001zy
|
| 200 |
0 |
|
|a Т. 5
|
| 210 |
|
|
|d 1987
|
| 215 |
|
|
|a 576 с.
|
| 461 |
|
1 |
|0 (RuTPU)RU\TPU\book\205836
|t Избранные речи и статьи
|f М. С. Горбачев
|g Институт марксизма-ленинизма (ИМЛ)
|v Т. 5
|d 1987-1990
|
| 606 |
1 |
|
|a Деятели КПСС
|x Произведения
|2 stltpush
|3 (RuTPU)RU\TPU\subj\9406
|9 36662
|
| 610 |
1 |
|
|a экономическая политика
|
| 610 |
1 |
|
|a социальная политика
|
| 610 |
1 |
|
|a идеологическая работа
|
| 610 |
1 |
|
|a коммунистическое строительство
|
| 610 |
1 |
|
|a социалистическая демократия
|
| 610 |
1 |
|
|a внешнеполитическая деятельность
|
| 610 |
1 |
|
|a ленинский стиль
|
| 610 |
1 |
|
|a история
|
| 686 |
|
|
|a Ф61(2),012
|v LBC/SL-A
|2 rubbk
|
| 801 |
|
0 |
|a RU
|b RuMRKP
|c 19950417
|g psbo
|
| 801 |
|
1 |
|a RU
|b 63413507
|c 20140514
|
| 801 |
|
2 |
|a RU
|b 63413507
|c 20170111
|g RCR
|
| 942 |
|
|
|c BK
|